Normal view
MARC view
Entry Meeting Name
001 - CONTROL NUMBER
- control field: 25845
003 - CONTROL NUMBER IDENTIFIER
- control field: OSt
005 - DATE AND TIME OF LATEST TRANSACTION
- control field: 20211105134959.0
008 - FIXED-LENGTH DATA ELEMENTS
- fixed length control field: 211105|| aca||aabn | a|a d
040 ## - CATALOGING SOURCE
- Original cataloging agency: OSt
- Transcribing agency: OSt
111 ## - HEADING--MEETING NAME
- Meeting name or jurisdiction name as entry element: International Symposium on Supercomputing
- Location of meeting: Tokyo, Japan
- Date of meeting or treaty signing: 1997 Sept. 1-3
670 ## - SOURCE DATA FOUND
- Source citation: Work cat.: (OSt): International Symposium on Supercomputing Tokyo, Japan 1997 Sept. 1-3, New horizons of computational science, 2001